Les arrêts du bus 66 à Toulouse - Statistiques

Statistiques générales
  • Ce quiz a été pris 4 fois
  • Le résultat moyen est 25 sur 30
Statistiques - réponses
quartier arrêt direction % Correct
Patte d'Oie Barrière de Bayonne
100%
Bourrassol Dufaur de Pibrac vers Grand Rond
100%
Fer à Cheval Fer à Cheval
100%
Bourrassol Fontaines
100%
Busca Grand Rond
100%
Ile du Ramier Ile du Ramier
100%
Busca/Saint-Michel Palais de Justice
100%
Patte d'Oie Patte d'Oie
100%
Patte d'Oie Roguet
100%
Saint-Cyprien Saint-Cyprien - République
100%
Ancely Ancely
75%
Ancely/Purpan Arènes Romaines
75%
Casselardit Biarritz vers Purpan
75%
Bourrassol Bourrassol vers Purpan
75%
Bourrassol Braves vers Grand Rond
75%
Bourrassol Capoul vers Purpan
75%
Purpan Centre Commercial Purpan Est
75%
Ancely Charolais
75%
Bourrassol Décamps vers Purpan
75%
Purpan Ducis
75%
Casselardit Foyer Toulousain
75%
Purpan Gériatrie
75%
Purpan Hôpital des Enfants
75%
Busca Jardin Royal
75%
Casselardit Murillo vers Grand Rond
75%
Purpan Pelletier Purpan
75%
Bourrassol Talazac vers Grand Rond
75%
Fer à Cheval/Saint-Cyprien Teinturiers
75%
Bourrassol Wagner vers Purpan
75%
Ancely Cauterets
50%
Aucun quiz correspondant
Distribution des résultats
% des personnes avec chaque résultat
Percentile par nombre de réponses
Votre historique - résultats
Vous n’avez pas pris ce quiz